000 01612cam a22004214i 4500
003 PE-LiUPU
005 20250731173253.0
008 150625s r 000 0 d
035 _a(Sirsi) a35642
040 _aPE-LiUPU
_bspa
_cPE-LiUPU
_erda
082 0 4 _a253.798
_bS88
_221
100 1 _aSuess, Paulo,
_eautor.
245 1 3 _aLa nueva evangelización /
_cPaulo Suess.
264 1 _aQuito :
_bAbya.Yala,
_c1991.
300 _a237 páginas ;
_c22 cm.
336 _atext
_2rdacontent
337 _aunmediated
_2rdamedia
338 _avolume
_2rdacarrier
505 0 _aLa Evangelización de los pueblos indígenas. -La multiplicidad de la voces en la comquista espiritual de América. -Cultura y religión. -Papel creador y normativo de la religiosidad popular. -La nueva evangelización y la causa indígena. -Orientaciones para una espiritualidad misionera. -La causa indígena en la caminata y la propuesta del CIMI.
526 _aSEG42
526 _aSEG41
526 _aSEG40
526 _aSEG39
526 _aP94
526 _aP87
526 _aP86
526 _aP85
526 _aP77
526 _aP76
526 _aP35
650 0 4 _aEvangelización.
910 _a
942 _2ddc
_cBOOK
949 _a253.798 S88
_wDEWEY
_c1
_i38840
_lCCODEBUL1
_mBUL
_p00.00
_r0
_sY
_tBOOK
_u2015-06-25
_xBIBLIOTECA
_zUNKNOWN
_0COMPRA
_o.STAFF. Colección General
596 _a1
999 _a253.798 S88
_wDEWEY
_c43629
_i38840
_f2021-11-10
_g5
_lCCODEBUL1
_mBUL
_r0
_sY
_tBOOK
_u2015-6-25
_xTEOLOGIA
_zUNKNOWN
_0COMPRA
_o.STAFF. Colección General
_d43629
980 _81
_gALBERTO SANCHEZ Responsable de Automatización